| 000 | 00447nam a22001817a 4500 | ||
|---|---|---|---|
| 003 | MPLRDC | ||
| 005 | 20220104143648.0 | ||
| 008 | 210129b ||||| |||| 00| 0 eng d | ||
| 020 | _a7-80645-826-3 | ||
| 082 | _a537.57 BRIE | ||
| 100 | _aBRIER | ||
| 245 |
_a小法老之死 _c刘靖、王蓉 译 |
||
| 250 | _a一版一刷 | ||
| 260 |
_a _b海南出版社 _c2000 |
||
| 300 | _b平 | ||
| 650 | _a原始丧礼礼俗 | ||
| 942 |
_cBK _o537.57 BRIE |
||
| 999 |
_c42099 _d42089 |
||